Európsky model multifunkčného poľnohospodárstva v kontexte Spoločnej poľnohospodárskej politiky a jeho vzťah k ochrane a tvorbe životného prostredia

Spoločná poľnohospodárska politika Slovenska s EÚ a prechod poľnohospodárstva na multifunkčné. Podpora multifunkčného poľnohospodárstva na Slovensku, produkty vidieckej turistiky a agroturistiky.

Gespeichert in:
Bibliographische Detailangaben
1. Verfasser: Otepka, Pavol
Format: Buchkapitel
Sprache:Slowakisch
Schlagworte:
Tags: Tag hinzufügen
Keine Tags, Fügen Sie das erste Tag hinzu!

MARC

LEADER 00000naa a2200000 4500
001 0183021
005 20231208081059.0
041 0 |a slo 
044 |a SK 
245 1 0 |a Európsky model multifunkčného poľnohospodárstva v kontexte Spoločnej poľnohospodárskej politiky a jeho vzťah k ochrane a tvorbe životného prostredia  |c Pavol Otepka 
520 |a Spoločná poľnohospodárska politika Slovenska s EÚ a prechod poľnohospodárstva na multifunkčné. Podpora multifunkčného poľnohospodárstva na Slovensku, produkty vidieckej turistiky a agroturistiky. 
610 2 0 |a Európska únia 
610 2 0 |a Slovensko 
610 2 0 |a politika poľnohospodárska 
610 2 0 |a poľnohospodárstvo alternatívne 
610 2 0 |a rozvoj trvalo udržateľný 
100 1 |a Otepka, Pavol